|
|
|
|
| LEADER |
00000nas a2200000 a 4500 |
| 001 |
ssj0030890 |
| 003 |
WaSeSS |
| 005 |
20200512172242.0 |
| 006 |
m d |
| 007 |
cr n |
| 008 |
050822c19599999nbuqr pss 0 a0eng c |
| 010 |
|
|
|a 2008216370
|
| 016 |
7 |
|
|a 2065920-9
|2 DE-600
|
| 022 |
|
|
|a 1944-6527
|l 0003-5483
|y 0003-5483
|
| 035 |
|
|
|a (WaSeSS)ssj0030890
|
| 037 |
|
|
|b University of Nebraska Press, 1111 Lincoln Mall, Lincoln NE 68588-0630
|
| 040 |
|
|
|a OCLCS
|b eng
|e pn
|c OCLCS
|d OCLCS
|d EYM
|d OCLCQ
|d NSD
|d DLC
|d EYM
|d DLC
|d HEBIS
|d NLGGC
|d OCLCQ
|d OCLCO
|d OCLCQ
|d OCLCA
|d OCLCE
|d EMI
|d OCLCQ
|d OCLCA
|d UMC
|d OCLCF
|d OCLCO
|d OCLCQ
|d DEBBG
|d VT2
|d GILDS
|d OCLCO
|d U3W
|d UOK
|d WYU
|d AUD
|d CNTRU
|d CEF
|d OCLCO
|d FUG
|d WaSeSS
|
| 042 |
|
|
|a pcc
|a nsdp
|a dlr
|
| 050 |
1 |
4 |
|a P1
|
| 082 |
1 |
0 |
|a 401
|2 14
|
| 130 |
0 |
|
|a Anthropological linguistics (Online)
|
| 222 |
|
0 |
|a Anthropological linguistics
|b (Online)
|
| 245 |
1 |
0 |
|a Anthropological linguistics
|h [electronic resource].
|
| 260 |
|
|
|a Bloomington, Ind. :
|b Archives of Languages of the World, Anthropology Dept., Indiana University,
|c 1959-
|
| 310 |
|
|
|a Quarterly,
|b 1982-
|
| 321 |
|
|
|a Nine no. a year,
|b 1959-1981
|
| 362 |
0 |
|
|a Vol. 1, no. 1-
|
| 500 |
|
|
|a Title from cover (JSTOR, viewed Jan. 22, 2009).
|
| 500 |
|
|
|a Imprint varies.
|
| 506 |
|
|
|a License restrictions may limit access.
|
| 515 |
|
|
|a Vol. 1, no. 1 lacks a date but constitutes Jan. 1959.
|
| 538 |
|
|
|a Master and use copy. Digital master created according to Benchmark for Faithful Digital Reproductions of Monographs and Serials, Version 1. Digital Library Federation, December 2002.
|u http://purl.oclc.org/DLF/benchrepro0212
|5 MiAaHDL
|
| 550 |
|
|
|a A publication of the Archives of Languages of the World, 1959-1975; issued by the Dept. of Anthropology and the American Indian Studies Research Institute, Indiana University, 1989-
|
| 555 |
|
|
|a Vol. 1 (1959)-v. 30 (1988), published as v. 31, no. 1-2; v. 31 (1989)-v. 40 (1998). 1 v.
|
| 583 |
1 |
|
|a digitized
|c 2010
|h HathiTrust Digital Library
|l committed to preserve
|2 pda
|5 MiAaHDL
|
| 588 |
|
|
|a Latest issue consulted: Vol. 52, no. 3/4 (fall/winter 2010) (JSTOR, viewed Sept. 23, 2013).
|
| 650 |
|
0 |
|a Language and languages
|v Periodicals.
|
| 650 |
|
0 |
|a Comparative linguistics
|v Periodicals.
|
| 650 |
|
6 |
|a Langage et langues
|v Périodiques.
|
| 650 |
|
6 |
|a Linguistique comparée
|v Périodiques.
|
| 650 |
|
7 |
|a Comparative linguistics.
|2 fast
|0 (OCoLC)fst00871358
|
| 650 |
|
7 |
|a Language and languages.
|2 fast
|0 (OCoLC)fst00992154
|
| 650 |
1 |
7 |
|a Antropologische linguïstiek.
|2 gtt
|
| 650 |
1 |
7 |
|a Spreektaal.
|2 gtt
|
| 650 |
1 |
7 |
|a Primitieve volken.
|2 gtt
|
| 655 |
|
0 |
|a Electronic journals.
|
| 710 |
2 |
|
|a Indiana University.
|b Archives of Languages of the World.
|
| 710 |
2 |
|
|a Indiana University, Bloomington.
|b American Indian Studies Research Institute.
|
| 710 |
2 |
|
|a Indiana University, Bloomington.
|b Department of Anthropology.
|
| 776 |
0 |
8 |
|i Print version:
|t Anthropological linguistics
|x 0003-5483
|w (DLC) 71004564
|w (OCoLC)1481558
|
| 856 |
4 |
0 |
|z Full text available from Research Library: 04/01/2012 to present
|u https://search.proquest.com/publication/2030188
|